Countries with Swedish embassies - Statistics

General Stats
  • This quiz has been taken 71 times
  • The average score is 79 of 93
Answer Stats
Continent Country % Correct
Asia China
100%
Europe Austria
98%
North America Canada
98%
North America United States of America
98%
South America Argentina
96%
Oceania Australia
96%
Europe Denmark
96%
Asia Japan
96%
Asia/ Europe Russia
96%
Africa South Africa
96%
Europe Spain
96%
Asia/ Europe Turkey
96%
Asia Afghanistan
94%
South America Brazil
94%
South America Chile
94%
South America Colombia
94%
Africa Egypt
94%
Europe Finland
94%
Europe Iceland
94%
Asia India
94%
North America Mexico
94%
Europe Norway
94%
Europe United Kingdom
94%
Asia Iraq
92%
Europe Portugal
92%
Europe Ukraine
92%
Europe Albania
91%
Africa Algeria
91%
Asia Armenia
91%
Europe France
91%
Europe Germany
91%
Europe Greece
91%
Asia Indonesia
91%
Asia Iran
91%
Europe Italy
91%
South America Peru
91%
Europe Poland
91%
Europe the Netherlands
91%
Africa Angola
89%
Asia Bangladesh
89%
North America Cuba
89%
Asia Pakistan
89%
Asia South Korea
89%
Asia United Arab Emirates
89%
Asia Azerbaijan
87%
Europe Belarus
87%
South America Bolivia
87%
Europe Estonia
87%
Asia Israel
87%
Europe Lithuania
87%
Europe Serbia
87%
Europe Switzerland
87%
Asia Thailand
87%
Asia Vietnam
87%
Europe Croatia
85%
Asia Kazakhstan
85%
Europe Latvia
85%
Africa Morocco
85%
Asia Saudi Arabia
85%
Europe Bosnia and Herzegovina
83%
Europe Czech Republic
83%
Africa Democratic Republic of the Congo
83%
Africa Ethiopia
83%
Europe Hungary
83%
Europe Romania
83%
Asia Singapore
83%
Asia Georgia
81%
Africa Kenya
81%
Africa Nigeria
81%
Asia Qatar
81%
Africa Tunisia
81%
Asia Cambodia
77%
Asia Malaysia
77%
Africa Tanzania
77%
Africa Zambia
77%
Africa Zimbabwe
77%
Europe Cyprus
74%
Europe Moldova
74%
Asia North Korea
74%
Asia Syria
74%
Asia Jordan
72%
Europe Kosovo
72%
Africa Sudan
72%
Europe Vatican City
72%
North America Guatemala
70%
Africa Mozambique
68%
Asia the Philippines
68%
Africa Uganda
68%
Africa Mali
64%
Europe Macedonia
62%
Africa Liberia
60%
Africa Rwanda
55%
Africa Burkina Faso
45%
No matching quizzes found
Score Distribution
Percent of People with Each Score
Percentile by Number Answered
Your Score History
You have not taken this quiz